000 00287nam a22001337a 4500
008 170612b xxu||||| |||| 00| 0 eng d
020 _a40494
041 _aeng
080 _a32
100 _a19
101 _ashp
245 _aTRENDS IN WORLD POLITICS
_cRUSSETT, B.M
942 _2udc
_cBK
999 _c16864
_d16864